| 000 | 00548nac a22001811u 4500 | ||
|---|---|---|---|
| 008 | 100914t2003 xxu|||||r|||| 001 0 eng d | ||
| 020 | _a0070482934 | ||
| 020 | _a9780070482937 | ||
| 082 | 0 | 0 |
_a629.892 _bMIT _222 |
| 100 |
_aMittal, R. K. _919062 |
||
| 245 | 1 | 0 |
_aRobotics and Control / _cR. K. Mittal and I. J. Nagrath |
| 260 |
_aNew Delhi : _bMcGraw-Hill, _cc2003. |
||
| 300 |
_a487 p. : _bill. ; _c23 cm. |
||
| 500 | _aIncludes index. | ||
| 650 | 0 |
_aRobotics. _919063 |
|
| 700 |
_aNagrath, I. J. _919064 |
||
| 942 |
_cBB _k629.892MIT _2ddc |
||
| 999 |
_c747 _d747 |
||